Bilecik Bilecik Bilecik Bilecik Bilecik

Sosyal siyaset konferansları yirmisekizinci kitap. (Record no. 14170)

MARC details
000 -BAŞLIK
Sabit Uzunluktaki Kontrol Alanı 01251nam a22003737a 4500
001 - KONTROL NUMARASI
Control Dosyası 0014207
003 - KONTROL NUMARASI KİMLİĞİ
Kontrol Alanı KOHA_MİRAKIL
005 - EN SON İŞLEM TARİHİ ve ZAMANI
Kontrol Alanı 20260207001946.0
007 - FİZİKSEL TANIM SABİT ALAN - GENEL BİLGİ
Sabit uzunluklu kontrol alanı ta
008 - SABİT UZUNLUKTAKİ VERİ ÖGELERİ - GENEL BİLGİ
Sabit Alan 100225b1977 tu |||gro|||#1|||0|tur |
020 ## - ISBN - ULUSLARARASI STANDART KİTAP NUMARASI
Kullanılabilirlik koşulları 1,5
040 ## - KATALOGLAMA KAYNAĞI
Özgün Kataloglama Kurumu TR-BiSEU
Kataloglama Dili tur
Çeviri Kurumu TR-BiSEU
Açıklama Kuralları rda
041 0# - DİL KODU
Metin ya da ses kaydının dil kodu tur
044 ## - YAYINLAYAN/ÜRETEN KURULUŞUN ÜLKE KODU
ISO country code tu
050 ## - SINIFLAMA ve YER NUMARASI
Sınıflama Numarası HD8656.5
Yer Numarası .S67 1977
111 2# - TOPLANTI ADI
Toplantı Adı Sosyal Siyaset Konferansları
9 (RLIN) 33247
245 1# - ESER ADI BİLDİRİMİ
Başlık Sosyal siyaset konferansları yirmisekizinci kitap.
264 #1 - ÜRERİM, YAYIN, DAĞITIM ve TELİF BİLDİRİMİ
Yayın yeri İstanbul :
Yayınlayan İstanbul Üniversitesi
Yayın tarihi 1977
300 ## - FİZİKSEL TANIMLAMA
Sayfa, Cilt vb. 135 sayfa; 20 cm.
336 ## - İÇERİK TÜRÜ
Content type term metin
Content type code txt
Source rdacontent
337 ## - MEDYA TÜRÜ
Media type term aracısız
Media type code n
Source rdamedia
338 ## - TAŞIYICI TÜRÜ
Carrier type term cilt
Carrier type code nc
Source rdacarrier
490 1# - DİZİ BİLDİRİMİ
Dizi Bildirimi İstanbul Üniversitesi yayın no ;
Cilt Numarası 2316.
490 1# - DİZİ BİLDİRİMİ
Dizi Bildirimi İktisat Fakültesi ;
Cilt Numarası 394.
490 1# - DİZİ BİLDİRİMİ
Dizi Bildirimi İktisat ve İçtimaiyat Enstitüsü ;
Cilt Numarası 78.
490 1# - DİZİ BİLDİRİMİ
Dizi Bildirimi Sosyal Gelişme ve Araştırma Enstitüsü ;
Cilt Numarası 2
650 #0 - KONU BAŞLIĞI EK GİRİŞ - KONU TERİMİ
Konusal terim veya coğrafi ad Sosyal Siyaset--Türkiye.
9 (RLIN) 33248
830 1# - SERİ EK GİRİŞİ - TEKBİÇİM ESER ADI
Tekbiçim Başlık İstanbul Üniversitesi yayın no ;
Volume number/sequential designation 2316.
9 (RLIN) 33108
830 1# - SERİ EK GİRİŞİ - TEKBİÇİM ESER ADI
Tekbiçim Başlık İktisat Fakültesi ;
Volume number/sequential designation 394.
9 (RLIN) 15630
830 1# - SERİ EK GİRİŞİ - TEKBİÇİM ESER ADI
Tekbiçim Başlık İktisat ve İçtimaiyat Enstitüsü ;
Volume number/sequential designation 78.
9 (RLIN) 33249
830 1# - SERİ EK GİRİŞİ - TEKBİÇİM ESER ADI
Tekbiçim Başlık Sosyal Gelişme ve Araştırma Enstitüsü ;
Volume number/sequential designation 2
9 (RLIN) 33250
907 ## - LOCAL DATA ELEMENT G, LDG (RLIN)
a Konferans
942 ## - EK GİRİŞ ÖGELERİ (KOHA)
Source of classification or shelving scheme Library of Congress Classification
Koha item type Book
Holdings
Materyal Türü Kalıcı Konum Mevcut Konum Raf Yeri Sınıflandırma Kaynağı Edinim Bilgisi Ana Konular Alt Konular Yer Numarası Demirbaş Numarası Fatura Tarihi Maliyet, Alış Fiyatı Maliyet, Yenileme Fiyatı Geri Çekilme Durumu Kayıp Durumu Hasarlı Durumu Kredi için değil Kayıt Tarih Toplam Ödünçverme Son Görülme Tarihi Son Kontrol Tarihi Genel / Bağış Notu
Book Prof. Dr. Azmi Özcan Kütüphanesi Prof. Dr. Azmi Özcan Kütüphanesi Uluğbey Salonu Library of Congress Classification Bağış SOSYAL BİLİMLER Endüstriler, Arazi Kullanımı, İşgücü HD8656.5 .S67 1977 0014207 02/02/2026 1.50 1.50         25/02/2010   05/12/2024 05/12/2024 Genel Bağış